Normal view
MARC view
Entry Personal Name
001 - CONTROL NUMBER
- control field: 16099
003 - CONTROL NUMBER IDENTIFIER
- control field: ARRUPE
005 - DATE AND TIME OF LATEST TRANSACTION
- control field: 20150310150024.0
008 - FIXED-LENGTH DATA ELEMENTS
- fixed length control field: 150310|| aca||aabn | a|a d
040 ## - CATALOGING SOURCE
- Original cataloging agency: ARRUPE
- Transcribing agency: ARRUPE
100 ## - HEADING--PERSONAL NAME
- Personal name: Jonson, Ben,
- Title of a work: Volpone.
670 ## - SOURCE DATA FOUND
- Source citation: Work cat.: (ARRUPE)0: Barish, Jonas A., compiler. 16098, Jonson: "Volpone";, [1972]